'The' Movies (A-Z) Quiz Stats

 Plays Quiz Updated Sep 13, 2018

Challenge
Share
Tweet
Embed
Score 0/26 Timer 06:00
0 Plays Today
Letter Movie % Correct
BThe Birds
75.2%
DThe Departed
66.8%
AThe Aviator
65.6%
HThe Hangover
64.1%
QThe Queen
63.9%
FThe Fugitive
60%
XThe X-Files
56.4%
EThe Exorcist
51.9%
JThe Jerk
49.9%
VThe Village
49.6%
CThe Crow
44.7%
TThe Terminal
38.2%
IThe Informant!
33.1%
Letter Movie % Correct
SThe Sting
29.5%
GThe Game
28.5%
PThe Piano
24.5%
OThe Omen
18.7%
UThe Untouchables
18.6%
RThe Ref
16.1%
KThe Kingdom
13.2%
NThe Negotiator
7.7%
WThe Watcher
5.3%
MThe Mission
4.2%
ZThe Zodiac
3.9%
LThe Limey
3.7%
YThe Yards
3.5%

You're not logged in!

Compare scores with friends on all Sporcle quizzes.
OR
Log In

You Might Also Like...

Show Comments

Extras

Top Quizzes Today


Score Distribution

Your Account Isn't Verified!

In order to create a playlist on Sporcle, you need to verify the email address you used during registration. Go to your Sporcle Settings to finish the process.

Report this User

Report this user for behavior that violates our Community Guidelines.

Details: